000 04038cam a22004698i 4500
999 _c27206
_d27206
006 m o d
007 cr |||||||||||
008 181203s2019 enk ob 001 0 eng
020 _a0429491026
020 _a9780429491023
_q(electronic bk.)
020 _a9780429956669
020 _a0429956665
020 _a9780429956645
_q(electronic bk. : Mobipocket)
020 _a0429956649
_q(electronic bk. : Mobipocket)
020 _a9780429956652
_q(electronic bk. : EPUB)
020 _a0429956657
_q(electronic bk. : EPUB)
040 _aOCoLC-P
_beng
_erda
072 7 _aNAT
_x037000
_2bisacsh
072 7 _aSCI
_x047000
_2bisacsh
072 7 _aSCI
_x052000
_2bisacsh
072 7 _aTVT
_2bicssc
082 0 0 _a578.77
_223
245 0 0 _aMarine extremes :
_bocean safety, marine health and the blue economy /
_cedited by Erika Techera and Gundula Winter.
260 _aLondon
_bTaylor & Francis Group
_c2019
300 _a1 online resource.
490 1 _aEarthscan oceans
505 0 _aIntroduction to marine extremes -- The science, social science and governance of extremes -- Coastal processes, extreme events and forecasting -- Community values and preferences for coastal hazard interventions -- Nature-based solutions to mitigate extreme coastal impacts -- Monitoring ocean and estuary health -- Pollution from land-based sources -- Impacts of marine heatwaves -- Local, community-led interventions to address global-scale problems and environmental extremes in coastal ecosystems -- Aquaculture -- Extreme human behaviours -- Impacts of (extreme) depth on life in the deep-sea -- Addressing the challenges and harnessing the benefits of marine extremes.
520 _aMarine extremes, as they are conceived of in this volume, encompass environments, activities, events and impacts. Extreme environments found in and around our oceans, including the deep sea and seabed as well as the frozen polar regions, are being seriously affected by both extreme behaviours (dumping and discharge of waste, illegal fishing and piracy) and extreme events (storms, tsunamis, extreme waves and marine heatwaves). The aim of this book is to highlight the multi-disciplinary knowledge and inputs needed to address marine extremes and thereafter to explore opportunities and current challenges. Safe and healthy oceans are important for economic, recreational and cultural activities, in addition to the maintenance of ecosystem services upon which we rely. This volume gathers a unique mix of researchers working on scientific aspects of biological ecosystems and physical processes together with social scientists exploring law and governance options, community preferences, cultural values, economic aspects and criminological drivers and approaches. The multi-disciplinary feature of this book breaks down barriers that arise between disparate fields of research so that integrated solutions to ocean challenges can be found. Overall, this book argues that if we are to achieve sustainable utilisation of our oceans and blue economy goals we must better understand, and respond to, the extreme environments, activities, events and impacts. The book is a valuable addition to the literature and will be of interest to researchers in marine science, ocean governance and natural resource economics, as well as to professionals and government officials concerned with marine policy and planning.
650 0 _aMarine ecosystem management.
650 0 _aMarine ecosystem health.
650 0 _aCoastal zone management.
650 0 _aMarine pollution.
650 0 _aMarine resources
_xEconomic aspects.
650 7 _aNATURE / Animals / Wildlife
_2bisacsh
650 7 _aSCIENCE / Microscopes & Microscopy
_2bisacsh
650 7 _aSCIENCE / Earth Sciences / Oceanography
_2bisacsh
700 1 _aTechera, Erika J.,
_eeditor.
700 1 _aWinter, Gundula,
_eeditor.
856 4 0 _uhttps://www.taylorfrancis.com/books/9780429491023
856 4 2 _uhttp://www.oclc.org/content/dam/oclc/forms/terms/vbrl-201703.pdf
942 _cEBK